000 00840nam a2200253Ia 4500
003 OSt
005 20220923231017.0
006 a|||||r|||| 00| 0
007 ta
008 220922b |||||||| |||| 00| 0 pan d
020 _c150
024 _a353,662
037 _b1198, 02/03/2020, H.K. Prakashan
_cTextual
040 _aARTS
_cARTS
_bpan
041 _2pan
_apan
082 _aU8, 153Q9
100 _aਬੇਨੀਵਾਲ, ਅਨੁਰਾਧਾ, ਂਚ.
_9159397
245 0 _aਆਗ਼ਾਦੀ ਮੇਰਾ ਬਰਾਂਡ
260 _aਪਟਿਆਲਾ
_b ਅੰਟਮ ਆਰਟ
_c2019
300 _a183ਪ੍ਰ0
_ccm.
650 _aਸਖ਼ਰਨਾਮਾ
942 _hU8, 153Q9
_cTEXL
_2CC
999 _c388757
_d388757